Закономерности и характеристики газофазного наводороживания гидридообразующих материалов водородной и атомной энергетики: диссертация на соискание ученой степени доктора физико-математических наук; спец. 1.3.8
| Hlavní autor: | |
|---|---|
| Korporativní autor: | |
| Další autoři: | |
| Shrnutí: | Заглавие с титульного экрана Электронная версия печатной публикации Защита сост. 29.10.2025 На правах рукописи Текстовый файл |
| Jazyk: | ruština |
| Vydáno: |
Томск, 2025
|
| Témata: | |
| On-line přístup: | https://earchive.tpu.ru/handle/11683/132148 |
| Médium: | MixedMaterials Elektronický zdroj Kniha |
| KOHA link: | https://koha.lib.tpu.ru/cgi-bin/koha/opac-detail.pl?biblionumber=681133 |
MARC
| LEADER | 00000nam0a2200000 4500 | ||
|---|---|---|---|
| 001 | 681133 | ||
| 005 | 20250808133539.0 | ||
| 090 | |a 681133 | ||
| 100 | |a 20250804d2025 k||y0rusy50 ca | ||
| 101 | 0 | |a rus | |
| 102 | |a RU | ||
| 105 | |a a m 001yy | ||
| 135 | |a drcn ---uucaa | ||
| 181 | 0 | |a i |b e | |
| 182 | 0 | |a b | |
| 183 | 0 | |a cr |2 RDAcarrier | |
| 200 | 1 | |a Закономерности и характеристики газофазного наводороживания гидридообразующих материалов водородной и атомной энергетики |e диссертация на соискание ученой степени доктора физико-математических наук |e спец. 1.3.8 |f Кудияров Виктор Николаевич |g науч. конс. А. М. Лидер ; Национальный исследовательский Томский политехнический университет | |
| 203 | |a Текст |c электронный |b визуальный | ||
| 210 | 1 | |a Томск |d 2025 | |
| 215 | |a 1 файл (16,7 МБ, 229 с.) |c pdf | ||
| 283 | |2 RDAcarrier |a online_resource | ||
| 300 | |a Заглавие с титульного экрана | ||
| 300 | |a Электронная версия печатной публикации | ||
| 300 | |a Защита сост. 29.10.2025 | ||
| 320 | |a Список использованных источников и литературы: с. 203-225 (274 назв.) | ||
| 333 | |a На правах рукописи | ||
| 336 | |a Текстовый файл | ||
| 606 | |a Термо-химическая обработка металлов |9 85782 | ||
| 606 | |a Атомная энергетика |9 52954 | ||
| 610 | 1 | |a водород | |
| 610 | 1 | |a поверхности | |
| 610 | 1 | |a модифицирование | |
| 610 | 1 | |a гидридообразующие материалы | |
| 610 | 1 | |a композиты | |
| 610 | 1 | |a гидрид магния | |
| 610 | 1 | |a добавки | |
| 610 | 1 | |a циркониевые сплавы | |
| 610 | 1 | |a сварные соединения | |
| 610 | 1 | |a защитные хромовые покрытия | |
| 610 | 1 | |a электронный ресурс | |
| 610 | 1 | |a диссертации | |
| 610 | 1 | |a труды учёных ТПУ | |
| 675 | |a 621.785.5 |v 4 | ||
| 675 | |a 621.039 |v 4 | ||
| 686 | |2 oksvnk |a 01.04.07 | ||
| 700 | 1 | |a Кудияров |b В. Н. |c физик |c доцент Томского политехнического университета, кандидат технических наук |f 1990- |g Виктор Николаевич |9 14893 | |
| 702 | 1 | |a Лидер |b А. М. |c физик |c профессор Томского политехнического университета, доктор технических наук |f 1976-2025 |g Андрей Маркович |4 695 |9 11545 | |
| 712 | 0 | 2 | |a Национальный исследовательский Томский политехнический университет |c (2009- ) |4 570 |9 26305 |
| 801 | 0 | |a RU |b 63413507 |c 20250804 |g RCR | |
| 850 | |a 63413507 | ||
| 856 | 4 | |u https://earchive.tpu.ru/handle/11683/132148 |z https://earchive.tpu.ru/handle/11683/132148 | |
| 942 | |c CF | ||